00978nam a22002415i 4500001000700000003000900007005001700016008004100033040002000074100002200094245007400116260007200190300005100262490010300313650003200416650001900448700001600467700001900483740003400502752002400536830010300560852007300663165063ES-MaACL20231030173412.0050811s1874 fr | |||||||| ||fre d aCAM bspa cCAM1 aScribe, Eugène.10aPiquillo Alliaga ou Les maures sous Philippe III / cEugène Scribe. aParis : bE. Dentu, libraire-éditeur, c1874 (fImp. Paul Dupont) a3 v. (327, [2] ; 357, [2] ; 480 p.) ; c18 cm.1 aOeuvres complètes de Eugène Scribe. Cinquième série : Proverbes, Nouvelles romans. 3 ;4 ;5 4aLiteratura francesa-yS.XIX 7aNovelas2embne1 aDentu, E., 1 aDupont, Paul, 4 aLes maures sous Philippe III. aFrancia - dParís0 aOeuvres complètes de Eugène Scribe. Cinquième série : Proverbes, Nouvelles romans. 3 ;4 ;5 aES-MaACLjC-18586-18588 z-- Enc. hol., conservando la cub. original